000 00508nam a2200181Ia 4500
003 OSt
005 20250509120945.0
008 210210b1976 xxu||||| |||| 00| 0 eng d
040 _cAL
082 _aK894.3 PUSM
100 _aPUSHPA N RAV.
_dಪುಷ್ಪಾ ಎನ್ ರಾವ್
_9209733
245 _aMamata mandira.
_bಮಮತಾ ಮಂದಿರ
260 _aBengaluru
_bRajalakshmi Prakashana
_c1976
300 _a185
690 _aKannada Fiction
_9209734
906 _a032295
942 _2ddc
_cBK
999 _c83426
_d83426